| 000 | 00754nam a2200229 a 4500 | ||
|---|---|---|---|
| 999 |
_c294 _d294 |
||
| 001 | 294 | ||
| 003 | BD-JhCC | ||
| 005 | 20220803134023.0 | ||
| 008 | 171003s2005 bg |||| |||| 000 0 be d | ||
| 020 | _a9848683526 | ||
| 035 | _a(BD-JhCC)294 | ||
| 040 |
_aBD-JhCC _dBD-JhCC |
||
| 041 | _aben | ||
| 082 |
_223 _a891.4435 _bISL 2005 |
||
| 100 | _aইসলাম, সৈয়দ মনজুরুল | ||
| 245 |
_aপ্রেম ও প্রার্থনার গল্প / _cসৈয়দ মনজুরুল ইসলাম, |
||
| 260 |
_aঢাকা: _bঅন্য প্রকাশ, _c২০০৫. |
||
| 300 |
_a২২২পৃ : _c২২ সেমি. |
||
| 650 | _aShorts stories, Bangali | ||
| 942 |
_2ddc _cBK _09 |
||